Heat and mass transfer SI units (Record no. 185023)

000 -LEADER
fixed length control field 00379nam a2200133Ia 4500
008 - FIXED-LENGTH DATA ELEMENTS--GENERAL INFORMATION
fixed length control field 220217s9999||||xx |||||||||||||| ||und||
020 ## - INTERNATIONAL STANDARD BOOK NUMBER
International Standard Book Number 8121926173
082 ## - DEWEY DECIMAL CLASSIFICATION NUMBER
Classification number 621.4 RAJ
100 ## - MAIN ENTRY--PERSONAL NAME
Personal name Rajput R.K
9 (RLIN) 3460
245 #0 - TITLE STATEMENT
Title Heat and mass transfer SI units
260 ## - PUBLICATION, DISTRIBUTION, ETC.
Place of publication, distribution, etc. S. Chand & company Ltd.
Name of publisher, distributor, etc. New Delhi
Date of publication, distribution, etc. 2014
300 ## - PHYSICAL DESCRIPTION
Extent XVI, 903p.
Other physical details 600
650 ## - SUBJECT ADDED ENTRY--TOPICAL TERM
Topical term or geographic name entry element HEAT AND MASS TRANSFOR
Holdings
Withdrawn status Lost status Damaged status Not for loan Collection code Home library Current library Shelving location Date acquired Full call number Barcode Date last seen Price effective from Koha item type
        Mechanical Engineering Central Library Central Library Book Cart 02/18/2022 621.4 RAJ 20212 02/18/2022 02/18/2022 Books

Powered by Koha